Computer programming techniques
Saved in:
| Hovedforfatter: | |
|---|---|
| Format: | Bog |
| Sprog: | engelsk |
| Udgivet: |
Nueva York
Holt, Rinehart and Winston
1968
|
| Fag: | |
| Tags: |
Tilføj Tag
Ingen Tags, Vær først til at tagge denne postø!
|
MARC
| LEADER | 00000nam a2200000 a 4500 | ||
|---|---|---|---|
| 001 | UCQ1732 | ||
| 003 | CL-VaPUC | ||
| 008 | 980721e19680000US |||||||||||||||||eng|d | ||
| 082 | 0 | 4 | |a 005.456 |b WIM |2 21 |
| 100 | 0 | |a Wimmert, Robert J |e author |9 415481 | |
| 245 | 1 | 0 | |a Computer programming techniques |
| 300 | |a v | ||
| 942 | |c BK | ||
| 945 | |d 19980721 00:00:00 |a cmena | ||
| 260 | |a Nueva York |b Holt, Rinehart and Winston |c 1968 | ||
| 500 | |a v.1: Machine-assembly language | ||
| 500 | |a v.2: Fortran language: instructor's manual | ||
| 650 | 0 | |a Computadores |9 258188 | |
| 650 | 7 | |a COMPILADORES |2 CL-VaPUC |9 259529 | |
| 650 | 7 | |a ENSAMBLADORES |2 CL-VaPUC |9 263125 | |
| 650 | 0 | |a Lenguajes de programación |9 259458 | |
| 650 | 7 | |a FORTRAN |2 CL-VaPUC |9 260109 | |
| 583 | |a last modification |c 19980721 00:00:00 |k Rodrigo Vera | ||
| 999 | |c 272576 |d 272574 | ||
| 952 | |0 0 |1 0 |4 0 |6 005_456000000000000_WIM_1968 |7 0 |8 P |9 307686 |a BIBGIM |b BIBGIM |d 2019-11-20 |h v.1 |i 143747K |o 005.456 WIM 1968 |p 143747K |r 2025-01-15 |w 2019-11-20 |y BK |k COM | ||
| 952 | |0 0 |1 0 |4 0 |6 005_456000000000000_WIM_1968 |7 0 |8 P |9 307687 |a BIBGIM |b BIBGIM |d 2019-11-20 |h v.2 |i 1437488 |o 005.456 WIM 1968 |p 1437488 |r 2025-01-15 |w 2019-11-20 |y BK |k COM | ||